| 000 | nam a22 a 4500 | ||
|---|---|---|---|
| 999 |
_c592 _d592 |
||
| 003 | AKMAL | ||
| 005 | 20170504121518.0 | ||
| 008 | 170504s1994 - e 000 0 eng d | ||
| 020 | _a9780684802039 (pbk.) | ||
| 020 | _a0684802031 | ||
| 039 | 9 |
_a201005181530 _bshuhada _c201005181431 _dfadilah |
|
| 040 | _aAKMAL | ||
| 082 | 0 | 4 |
_a158.1 COV _222 |
| 090 | 2 | 0 |
_a158.1 _bCOV |
| 100 | 1 |
_aCovey, Stephen R. _91295 |
|
| 245 | 1 | 0 |
_aFirst things first / _cStephen R. Covey, A. Roger Merrill, Rebecca R. Merrill |
| 260 |
_aNew York: _bCovey Leadership Center, Inc. , _cc1994 |
||
| 300 |
_a360p. : _bill. ; _c22cm. |
||
| 504 | _aIncludes bibliographical references and index | ||
| 650 | 2 | 0 |
_aTime management _91213 |
| 650 | 1 | 0 |
_aConduct of life _9472 |
| 700 | 1 |
_aMerrill, A. Roger _91306 |
|
| 700 | 1 |
_aMerrill, Rebecca R _91307 |
|
| 942 |
_2ddc _cBOOK |
||